[Event "SLO-chT U20"]
[Site "Otocec"]
[Date "2006.08.25"]
[Round "9"]
[White "Hasanagic, Anel"]
[Black "Arlic, Nejc"]
[Result "1-0"]
[WhiteElo "2020"]
[BlackElo "1750"]
[PlyCount "104"]
[EventDate "2006.08.19"]
[EventType "team"]
[EventRounds "9"]
[EventCountry "SLO"]
[SourceTitle "EXT 2007"]
[Source "ChessBase"]
[SourceDate "2006.11.23"]
[SourceVersion "1"]
[SourceVersionDate "2006.11.23"]
[SourceQuality "1"]

1. Nf3 d5 2. g3 Bf5 3. Bg2 e6 4. d3 Nf6 5. Nh4 Bg6 6. Nxg6 hxg6 7. c3 Nbd7 8. Bg5 c6 9. Nd2 Bc5 10. d4 Bd6 11. e4 dxe4 12. Nxe4 Be7 13. Nxf6+ Nxf6 14. 0-0 Nd5 15. Bxe7 Nxe7 16. Re1 0-0 17. Qg4 Qc7 18. h4 Nd5 19. Bxd5 exd5 20. h5 gxh5 21. Qxh5 Rae8 22. Kg2 Re6 23. Rxe6 fxe6 24. Rh1 Qe7 25. Rh4 Rf6 26. Qh7+ Kf7 27. Rg4 Qf8 28. Qh5+ Ke7 29. Qg5 Ke8 30. f4 Rf7 31. Qe5 Kd7 32. Rg5 a6 33. g4 Re7 34. Kg3 b6 35. Rg6 Qf7 36. Rg5 Qf8 37. a4 a5 38. Rg6 Qf7 39. f5 exf5 40. Qd6+ Kc8 41. Qxc6+ Rc7 42. Qe6+ Qxe6 43. Rxe6 Rb7 44. gxf5 b5 45. Rc6+ Kd7 46. Rc5 bxa4 47. Rxd5+ Kc6 48. Rxa5 Rxb2 49. Rxa4 Rb3 50. Rc4+ Kd5 51. Rc5+ Ke4 52. Kg4 Rb1 1-0

[Event "SLO-chT U20"]
[Site "Otocec"]
[Date "2006.08.20"]
[Round "4"]
[White "Arlic, Nejc"]
[Black "Drnovsek, Nejc"]
[Result "0-1"]
[WhiteElo "1750"]
[BlackElo "1693"]
[PlyCount "98"]
[EventDate "2006.08.19"]
[EventType "team"]
[EventRounds "9"]
[EventCountry "SLO"]
[SourceTitle "EXT 2007"]
[Source "ChessBase"]
[SourceDate "2006.11.23"]
[SourceVersion "1"]
[SourceVersionDate "2006.11.23"]
[SourceQuality "1"]

1. e4 e5 2. Nf3 Nc6 3. Bb5 a6 4. Ba4 d6 5. 0-0 Bg4 6. h3 Bh5 7. c3 Nf6 8. Re1 Be7 9. d4 b5 10. Bb3 0-0 11. Be3 Re8 12. d5 Na5 13. Bc2 Nc4 14. b3 Nxe3 15. Rxe3 Nd7 16. Qe1 Nb6 17. g4 Bg6 18. Bd3 h5 19. Nbd2 hxg4 20. hxg4 Qd7 21. Nh2 Bg5 22. Rh3 f6 23. Ndf3 Bf4 24. Qf1 Kf7 25. Kh1 Rh8 26. Nh4 Bxh2 27. Nxg6 Kxg6 28. Kxh2 Qxg4 29. Qg2 Qxg2+ 30. Kxg2 Rxh3 31. Kxh3 Rh8+ 32. Kg3 Nd7 33. f3 Nc5 34. Be2 f5 35. b4 Na4 36. c4 fxe4 37. fxe4 Nc3 38. Bf3 bxc4 39. Rc1 Nxa2 40. Rxc4 Rb8 41. b5 axb5 42. Rxc7 b4 43. Bd1 Nc3 44. Bc2 Ne2+ 45. Kf2 Nd4 46. Bb1 b3 47. Rd7 Rb6 48. Rc7 Nb5 49. Rc6 Rb7 0-1

[Event "SLO-chT U20"]
[Site "Sentjur"]
[Date "2005.08.21"]
[Round "1"]
[White "Arlic, Nejc"]
[Black "Spendal, Barbara"]
[Result "0-1"]
[WhiteElo "1732"]
[BlackElo "1925"]
[PlyCount "74"]
[EventDate "2005.08.21"]
[EventType "team"]
[EventRounds "9"]
[EventCountry "SLO"]
[SourceTitle "EXT 2008"]
[Source "ChessBase"]
[SourceDate "2007.11.25"]
[SourceVersion "1"]
[SourceVersionDate "2007.11.25"]
[SourceQuality "1"]

1. e4 c5 2. Nf3 d6 3. d4 cxd4 4. Nxd4 Nf6 5. Nc3 a6 6. Be3 e6 7. Bd3 Be7 8. 0-0 b5 9. a3 Bb7 10. f3 0-0 11. Qd2 Nbd7 12. g4 Nc5 13. Be2 Qc7 14. h4 d5 15. e5 Nfd7 16. f4 Ne4 17. Nxe4 dxe4 18. g5 Nb8 19. h5 Nc6 20. g6 Nxd4 21. gxh7+ Kxh7 22. Bxd4 Bc5 23. c3 Rfd8 24. Qe3 Bxd4 25. cxd4 Qb6 26. Rad1 Rac8 27. Rd2 Rc7 28. Bg4 f5 29. exf6 gxf6 30. Kh2 Rg7 31. Bh3 Kh8 32. f5 e5 33. Rfd1 Kh7 34. h6 Rgd7 35. Qb3 exd4 36. Rxd4 Qc7+ 37. Rd6 Rxd6 0-1

[Event "SLO-chT U20"]
[Site "Nova Gorica"]
[Date "2004.08.22"]
[Round "3"]
[White "Bukovec, Tina"]
[Black "Arlic, Nejc"]
[Result "1-0"]
[WhiteElo "1810"]
[BlackElo "1586"]
[PlyCount "117"]
[EventDate "2004.08.21"]
[EventType "team"]
[EventRounds "9"]
[EventCountry "SLO"]
[SourceTitle "EXT 2009"]
[Source "ChessBase"]
[SourceDate "2008.11.26"]
[SourceVersion "1"]
[SourceVersionDate "2008.11.26"]
[SourceQuality "1"]

1. e4 e5 2. Nc3 Nf6 3. Bc4 Bb4 4. Nge2 d6 5. 0-0 Be6 6. Bb3 0-0 7. d3 h6 8. f4 Nbd7 9. f5 Bxb3 10. axb3 Re8 11. Ng3 Bc5+ 12. Kh1 c6 13. Na4 Bb6 14. Nxb6 Qxb6 15. Nh5 Qc7 16. Nxf6+ Nxf6 17. Qe1 Kf8 18. Qh4 Ke7 19. Rf3 Kd7 20. Rg3 Rg8 21. Bxh6 Ne8 22. Qh3 f6 23. Be3 c5 24. Rg6 Kc6 25. Qg4 b6 26. c3 Qe7 27. Rc1 Nc7 28. Bh6 Ne8 29. d4 Rc8 30. d5+ Kb7 31. Ra1 Rc7 32. Qe2 Kb8 33. Bd2 Qd7 34. Rg3 Rb7 35. c4 Rc7 36. b4 Qc8 37. bxc5 Rxc5 38. Rc3 Qd7 39. Rca3 Rc7 40. Be3 Rb7 41. b4 g5 42. c5 bxc5 43. bxc5 dxc5 44. Bxc5 Rg7 45. Bxa7+ Kc8 46. Rc1+ Kd8 47. Bc5 Nd6 48. Ra6 Nc8 49. Rxf6 Rg8 50. Qh5 Qb5 51. Be3 Ne7 52. Bxg5 Qd3 53. Rf7 Re8 54. Rd1 Rb1 55. Bc1 Qxe4 56. d6 Nxf5 57. Rxf5 Rg8 58. Qf3 Qxf3 59. Rxf3 1-0

[Event "SLO-ch U16"]
[Site "Celje"]
[Date "2004.03.10"]
[Round "8"]
[White "Budihna, Kristijan"]
[Black "Arlic, Nejc"]
[Result "1-0"]
[WhiteElo "1825"]
[BlackElo "1514"]
[PlyCount "97"]
[EventDate "2004.02.22"]
[EventType "swiss"]
[EventRounds "9"]
[EventCountry "SLO"]
[SourceTitle "EXT 2008"]
[Source "ChessBase"]
[SourceDate "2007.11.25"]
[SourceVersion "1"]
[SourceVersionDate "2007.11.25"]
[SourceQuality "1"]

1. e4 e5 2. Nf3 Nc6 3. Bb5 a6 4. Ba4 Nf6 5. 0-0 Be7 6. Re1 b5 7. Bb3 0-0 8. c3 d5 9. exd5 Nxd5 10. Nxe5 Nxe5 11. Rxe5 c6 12. d4 Bd6 13. Re1 Qh4 14. g3 Qh3 15. Be3 Bg4 16. Qd3 Rae8 17. Nd2 f5 18. Qf1 Qh5 19. f4 Kh8 20. Bxd5 cxd5 21. Qg2 Qf7 22. Bf2 Rc8 23. Rac1 h6 24. Nf3 Bxf3 25. Qxf3 g6 26. Re2 Rfe8 27. Rce1 Rxe2 28. Qxe2 Rc6 29. Kg2 Kg7 30. Be3 b4 31. Bd2 a5 32. Qb5 Qc7 33. Qxd5 bxc3 34. Bxc3 Bb4 35. Qe5+ Qxe5 36. Rxe5 Bxc3 37. bxc3 Rxc3 38. Rxa5 Rd3 39. d5 g5 40. fxg5 hxg5 41. d6 Rxd6 42. Rxf5 Rd2+ 43. Kh3 Rxa2 44. Rxg5+ Kf6 45. Rb5 Ra8 46. g4 Ra3+ 47. Kh4 Ra8 48. h3 Rh8+ 49. Kg3 1-0

[Event "SLO-ch U16"]
[Site "Celje"]
[Date "2004.03.10"]
[Round "4"]
[White "Peric, Bernard"]
[Black "Arlic, Nejc"]
[Result "0-1"]
[WhiteElo "1500"]
[BlackElo "1514"]
[PlyCount "90"]
[EventDate "2004.02.22"]
[EventType "swiss"]
[EventRounds "9"]
[EventCountry "SLO"]
[SourceTitle "EXT 2008"]
[Source "ChessBase"]
[SourceDate "2007.11.25"]
[SourceVersion "1"]
[SourceVersionDate "2007.11.25"]
[SourceQuality "1"]

1. d4 d5 2. e3 Bf5 3. Bd3 Bxd3 4. cxd3 Nf6 5. Nc3 Nc6 6. f4 e6 7. a3 Bd6 8. Nf3 Nd7 9. b4 a6 10. Na4 b6 11. Bb2 0-0 12. Ne5 Bxe5 13. dxe5 Rc8 14. h4 Ne7 15. g4 c5 16. bxc5 Nxc5 17. h5 Nd7 18. g5 Nf5 19. Kf2 b5 20. Nc3 d4 21. exd4 Nxd4 22. Ne4 Nf5 23. h6 g6 24. d4 Qc7 25. Rc1 Qd8 26. d5 Qb6+ 27. Ke1 Qe3+ 28. Qe2 Rxc1+ 29. Bxc1 Qxc1+ 30. Qd1 Qxd1+ 31. Kxd1 Ne3+ 32. Ke2 Nxd5 33. Kf3 N7b6 34. Nf6+ Nxf6 35. exf6 Nc4 36. Ra1 a5 37. Ke4 Rd8 38. Ra2 Kf8 39. Ra1 Ke8 40. Ra2 Rd7 41. a4 b4 42. Rc2 Nd6+ 43. Ke5 b3 44. Rc1 b2 45. Rb1 Nc4+ 0-1